[Event "GER-chT Christmas U16 Steinitz"]
[Site "Playchess.com INT"]
[Date "2020.12.28"]
[Round "6.4"]
[White "Klerx, Philipp"]
[Black "Hense, Toralf"]
[Result "0-1"]
[WhiteElo "1253"]
[BlackElo "1470"]
[PlyCount "78"]
[EventDate "2020.12.28"]
[EventType "team-swiss (blitz)"]
[EventRounds "7"]
[EventCountry "GER"]
[SourceTitle "CBM 200 Extra"]
[Source "ChessBase"]
[SourceDate "2021.03.31"]
[SourceVersion "1"]
[SourceVersionDate "2021.03.31"]
[SourceQuality "1"]
[WhiteTeam "Paderborn Blauer Springer"]
[BlackTeam "Eppendorf Johanneum"]
[WhiteTeamCountry "GER"]
[BlackTeamCountry "GER"]

1. e4 e6 2. d4 d5 3. e5 c5 4. c3 Nc6 5. Nf3 Qb6 6. Be2 cxd4 7. cxd4 f6 8. Nc3 Bd7 9. 0-0 fxe5 10. dxe5 Nge7 11. b3 Nf5 12. Bg5 Bc5 13. Na4 Qb4 14. Bd2 Qg4 15. Nxc5 Ncd4 16. Nxd4 Qxd4 17. Nxd7 Kxd7 18. Bb5+ Ke7 19. Bg5+ Kf7 20. Qxd4 Nxd4 21. Ba4 Rac8 22. b4 Rhf8 23. f4 Nf5 24. Bc2 Rxc2 25. Rfc1 Ne3 26. Rxc2 Nxc2 27. Rb1 Nd4 28. Rd1 Nf5 29. g4 Ne3 30. Rd3 Nxg4 31. Rc3 h6 32. Rc7+ Ke8 33. Be7 Rxf4 34. Rxb7 d4 35. Rxa7 d3 36. Bh4 d2 37. Re7+ Kf8 38. Rd7 Ne3 39. Bg3 Rf1# 0-1